Sports Quiz

Random Sports or Soccer Quiz

International Football XIs: Spain Quiz Stats

 Plays Quiz Updated Jul 15, 2019

Score 0/253 Timer 20:00
47 Plays Today
% Correct
Iker Casillas
97.2%
Iker Casillas
97.2%
Iker Casillas
97.2%
Iker Casillas
97.2%
Iker Casillas
97.2%
Iker Casillas
97.2%
Iker Casillas
97.2%
Iker Casillas
97.2%
Iker Casillas
97.2%
Iker Casillas
97.2%
Iker Casillas
97.2%
Iker Casillas
97.1%
Iker Casillas
97%
Xavi Hernández
96.7%
Xavi Hernández
96.7%
Xavi Hernández
96.7%
Xavi Hernández
96.7%
Xavi Hernández
96.7%
Xavi Hernández
96.7%
Xavi Hernández
96.7%
Xavi Hernández
96.7%
Xavi Hernández
96.6%
Andrés Iniesta
96.4%
Andrés Iniesta
96.3%
Andrés Iniesta
96.2%
Andrés Iniesta
96.2%
Andrés Iniesta
96.2%
Andrés Iniesta
96.2%
Andrés Iniesta
96.2%
Andrés Iniesta
96.2%
Andrés Iniesta
96.1%
Sergio Ramos
95.6%
Sergio Ramos
95.1%
Gerard Piqué
94.7%
Sergio Ramos
94.7%
Gerard Piqué
94.4%
Gerard Piqué
94.1%
Sergio Ramos
94%
Gerard Piqué
93.7%
Sergio Ramos
93.3%
Sergio Ramos
93.3%
Sergio Ramos
93.3%
Sergio Ramos
93.3%
Sergio Ramos
93.3%
Sergio Ramos
93.3%
Sergio Ramos
93.3%
Gerard Piqué
93.3%
Gerard Piqué
93.3%
Gerard Piqué
93.3%
Gerard Piqué
93.3%
Juanfran Torres
93.2%
Sergio Ramos
93.2%
Gerard Piqué
93.1%
Fernando Torres
93%
Fernando Torres
93%
Fernando Torres
93%
Fernando Torres
93%
David de Gea
92.9%
David Villa
92%
David Villa
92%
David Villa
92%
David Villa
92%
David Villa
92%
David Villa
92%
David de Gea
91.8%
Carles Puyol
89.6%
Carles Puyol
89.6%
Carles Puyol
89.6%
Carles Puyol
89.6%
Carles Puyol
89.6%
Carles Puyol
89.6%
Carles Puyol
89.6%
Carles Puyol
89.6%
Jordi Alba
88.4%
Sergio Busquets
88.2%
Jordi Alba
87.8%
Sergio Busquets
87.5%
Jordi Alba
87.2%
Sergio Busquets
86.9%
Sergio Busquets
86.4%
Jordi Alba
86.3%
Sergio Busquets
85.9%
Sergio Busquets
85.9%
Sergio Busquets
85.9%
Sergio Busquets
85.6%
% Correct
Jordi Alba
85.1%
Jordi Alba
85.1%
David Silva
85%
David Silva
85%
Raúl
84.9%
Raúl
84.9%
Raúl
84.9%
Raúl
84.9%
Raúl
84.9%
Raúl
84.9%
Raúl
84.9%
Raúl
84.9%
Raúl
84.9%
Raúl
84.9%
David Silva
84.7%
David Silva
84.1%
Cesc Fàbregas
83.5%
Cesc Fàbregas
83.5%
Cesc Fàbregas
83.5%
Xabi Alonso
83.3%
Xabi Alonso
83.3%
Xabi Alonso
83.3%
Xabi Alonso
83.3%
Xabi Alonso
83.3%
Xabi Alonso
83.3%
David Silva
82.8%
David Silva
82.8%
David Silva
82.8%
David Silva
82.8%
David Silva
82.8%
David Silva
82.8%
Cesc Fàbregas
82.8%
Cesc Fàbregas
82.8%
Cesc Fàbregas
82.3%
Diego Costa
80.9%
Pedro Rodríguez
76.9%
Pedro Rodríguez
76.2%
Pedro Rodríguez
76.2%
Pedro Rodríguez
75%
Víctor Valdés
72.7%
Isco
70.9%
Fernando Hierro
70.2%
Fernando Hierro
70.2%
Fernando Hierro
70.2%
Fernando Hierro
70.2%
Fernando Hierro
70.2%
Fernando Hierro
70.2%
Fernando Hierro
70.2%
Fernando Hierro
70.2%
Álvaro Morata
70%
Fernando Morientes
68.1%
Fernando Morientes
68.1%
Fernando Morientes
68.1%
Javi de Pedro
67.8%
Álvaro Arbeloa
65.7%
Álvaro Arbeloa
65.7%
Álvaro Arbeloa
64.4%
Koke
61.7%
Isco
60.9%
Josep Guardiola
59.4%
Josep Guardiola
59.4%
Josep Guardiola
59.4%
Josep Guardiola
59.4%
Santiago Cañizares
57.6%
Santiago Cañizares
57.6%
Santiago Cañizares
57.6%
Marcos Senna
56%
Koke
55.8%
Joan Capdevila
55.4%
Joan Capdevila
55.4%
Joan Capdevila
55.4%
Joan Capdevila
55.4%
Luis Enrique
54.9%
Luis Enrique
54.9%
Luis Enrique
54.9%
Luis Enrique
54.9%
Luis Enrique
54.9%
Luis Enrique
54.9%
Michel Salgado
53.1%
Michel Salgado
53.1%
Michel Salgado
53.1%
Michel Salgado
53.1%
Thiago Alcântara
53%
Iván Helguera
50.7%
Iván Helguera
50.7%
% Correct
Iván Helguera
50.7%
Iván Helguera
50.7%
Thiago Alcântara
50.3%
Andoni Zubizarreta
49.5%
Andoni Zubizarreta
49.5%
Andoni Zubizarreta
49.5%
Santi Cazorla
49.4%
Santi Cazorla
48.8%
Raúl Albiol
47%
Raúl Albiol
47%
César Azpilicueta
46.9%
Gaizka Mendieta
45.2%
Gaizka Mendieta
45.2%
Miguel Nadal
42.3%
Miguel Nadal
42.3%
Miguel Nadal
42.3%
Miguel Nadal
42.3%
Miguel Nadal
42.3%
Miguel Nadal
42.3%
Carlos Marchena
41.9%
Carlos Marchena
41.9%
Carlos Marchena
41.9%
Carlos Marchena
41.9%
Carlos Marchena
41.9%
Sergi
41.2%
Sergi
41.2%
Sergi
41.2%
Sergi
41.2%
Sergi
41.2%
Joaquin
40.2%
Joaquin
40.2%
Joaquin
40.2%
David Albelda
37.3%
David Albelda
37.3%
David Albelda
37.3%
David Albelda
37.3%
David Albelda
37.3%
Rubén Baraja
33.9%
Rubén Baraja
33.9%
Rubén Baraja
33.9%
Nolito
33.7%
Vicente
31.2%
Vicente
31.2%
Vicente
31.2%
Vicente
31.2%
Juan Carlos Valerón
29.7%
Juan Carlos Valerón
29.7%
Abelardo
27.3%
Abelardo
27.3%
Abelardo
27.3%
Abelardo
27.3%
Joseba Etxeberria
25.5%
Joseba Etxeberria
25.5%
Joseba Etxeberria
25.5%
Joseba Etxeberria
25.5%
Diego Tristán
25.2%
Alfonso
23.7%
Alfonso
23.7%
Guillermo Amor
23.3%
Guillermo Amor
23.3%
Kiko
23.3%
Asier del Horno
21%
José Molina
20.4%
Juan Antonio Pizzi
18.8%
Juan Antonio Pizzi
18.8%
Pedro Munitis
18.5%
Rafael Alkorta
18.5%
Rafael Alkorta
18.5%
Rafael Alkorta
18.5%
Rafael Alkorta
18.5%
Ismael Urzaiz
16.8%
José Amavisca
16.2%
Julen Guerrero
15.6%
Manuel Pablo
15.6%
Paco
14.7%
Paco
14.7%
Pablo Ibáñez
14.2%
Agustín Aranzábal
13%
Agustín Aranzábal
13%
Donato
10.8%
Alberto Belsué
10.3%
Alberto Belsué
10.3%
Carlos Aguilera
9.1%

You're not logged in!

Compare scores with friends on all Sporcle quizzes.
OR
Log In

Show Comments

Extras

Top Quizzes Today


Score Distribution

Your Account Isn't Verified!

In order to create a playlist on Sporcle, you need to verify the email address you used during registration. Go to your Sporcle Settings to finish the process.

Report this User

Report this user for behavior that violates our Community Guidelines.

Details: